| 000 | 00791nam a22001817a 4500 | ||
|---|---|---|---|
| 999 |
_c20613 _d20613 |
||
| 005 | 20220203151415.0 | ||
| 008 | 220203b ||||| |||| 00| 0 eng d | ||
| 020 | _a978-969-416-527-1 | ||
| 040 | _cUE-CL | ||
| 082 |
_a928.91 _bSh134 |
||
| 110 | _aShafique, Khurram Ali | ||
| 245 | _aIqbal (An Illustrated Biography) / Khurram Ali Shafique | ||
| 260 |
_aLahore _bIqbal Academy Pakistan _c2018 |
||
| 300 | _a208 p. | ||
| 650 | _aBiography - Iqbal - Philospher | ||
| 942 | _cBK | ||
| 505 | _aContents Preface Prologue Voices Chapter 1 The Young Poet Philosopher (1877-1905) Chapter 2 The Dark Night of the Soul (1905-13) Chapter 3 Illustration (1914-22) Chapter 4 Unsuspected Harmonies (1923-30) Chapter 5 What Lies Beyond (1931-38) Epilogue Legacy Chronology | ||